00911nam a2200241 a 4500008004100000020001500041050001800056100001900074245002300093246004700116260004100163300001400204350000900218500001800227650004800245650004500293650002600338650001600364650004500380995010100425999001700526952012600543120416s1975 ||||||||||||||||| || u a0333177894 aD 1065.U5 Gel aGelber, Lionel10aCrisis in the West aAmerican leadership and the global balance aLondon :bThe MacMillan Pressc1975. ax, 230 p. a0.00 aBibliography. aUNITED STATES--FOREIGN RELATIONS--1945-1989 aEUROPE--FOREIGN RELATIONS--UNITED STATES aWORLD POLITICS--1945- aDISARMAMENT aUNITED STATES--FOREIGN RELATIONS--EUROPE D0.00FCBU-MAIN LIBRARY (Kitwe)H1I5.95M1UAVAILABLEWJun 23, 2006ZAnnex Low-Usage Collection  c39197d39197 00102lcc4070a001b001cAnnex Low-Usage Collection d2022-11-30l0oD 1065.U5 Gelp000588r2022-11-30w2022-11-30y002